000 00257nam a2200109Ia 4500
008 220204s9999 xx 000 0 und d
082 _a82-3
_bDIC
100 _aDickens, Charles
245 0 _aDavid Copperfield
260 _aDelhi
_bS Chand
_c1978
942 _cBK
999 _c35527
_d35527